| 000 | 00676nam a22001937a 4500 | ||
|---|---|---|---|
| 005 | 20250701164921.0 | ||
| 008 | 250701b |||||||| |||| 00| 0 eng d | ||
| 040 | _cAL | ||
| 082 |
_a658.3124 _bBHAH |
||
| 100 |
_aSantosh Vishnu Bhave _9216796 |
||
| 245 |
_aHuman capital development _b: resilience and sustainability |
||
| 260 |
_aKolkata _bNational Institute of personnel management _c2024 |
||
| 300 |
_a192 p. _bPB _c24x17 cm. |
||
| 520 | _aNATION 2024. 40th NIPM National conference; Research compendium PERSONNEL TODAY Vol.10-Sept 2024 | ||
| 650 |
_aManagement _9216752 |
||
| 650 |
_astatistical analysis _9216753 |
||
| 650 |
_ahuman capital _9216754 |
||
| 942 |
_2ddc _cDB |
||
| 999 |
_c234567 _d234567 |
||